[Event "Vaujany op-B 9th"]
[Site "Vaujany"]
[Date "2019.07.11"]
[Round "?"]
[White "Dekker, Thiemen"]
[Black "Fahys, Bertrand"]
[Result "1/2-1/2"]
[WhiteElo "1569"]
[BlackElo "1888"]
[PlyCount "103"]
[EventDate "2019.07.11"]
[EventType "swiss"]
[EventRounds "9"]
[EventCountry "FRA"]
[SourceTitle "EXT 2020"]
[Source "ChessBase"]
[SourceDate "2019.10.17"]
[SourceVersion "1"]
[SourceVersionDate "2019.10.17"]
[SourceQuality "1"]

1. e4 c5 2. c3 d5 3. exd5 Qxd5 4. d4 Nc6 5. Nf3 Bg4 6. Be2 cxd4 7. cxd4 e6 8. Be3 Nf6 9. Nc3 Bb4 10. 0-0 Qd6 11. h3 Bh5 12. Qc2 0-0 13. Rfd1 Rac8 14. a3 Bxc3 15. bxc3 Nd5 16. c4 Nf4 17. Bxf4 Qxf4 18. Qd3 Rfd8 19. Qe3 Qf6 20. Rac1 Re8 21. g4 Bg6 22. Qg5 Qxg5 23. Nxg5 Rcd8 24. Nf3 Be4 25. Kf1 Ne7 26. Ng5 Bc6 27. Rd2 h6 28. Nf3 f6 29. Rcd1 Ba4 30. Rb1 b6 31. c5 bxc5 32. dxc5 Bc6 33. Rd6 Rxd6 34. cxd6 Nc8 35. Nd4 Bd7 36. Rb7 Rd8 37. Ba6 Nxd6 38. Rxa7 e5 39. Ne2 Be6 40. Ng3 Rd7 41. Rxd7 Bxd7 42. Ke1 Kf7 43. Kd2 g6 44. Kd3 f5 45. gxf5 gxf5 46. h4 Kf6 47. Bc4 Bc6 48. Bb3 Bb5+ 49. Kd2 f4 50. Ne2 Nf5 51. Nc3 Bc6 52. Nd5+ 1/2-1/2

[Event "FRA-ch op"]
[Site "Nimes"]
[Date "2014.08.21"]
[Round "5"]
[White "Fahys, Bertrand"]
[Black "Carral, Didier"]
[Result "0-1"]
[WhiteElo "1946"]
[BlackElo "1852"]
[PlyCount "140"]
[EventDate "2014.08.17"]
[EventType "swiss"]
[EventRounds "11"]
[EventCountry "FRA"]
[SourceTitle "EXT 2015"]
[Source "ChessBase"]
[SourceDate "2014.11.20"]
[SourceVersion "1"]
[SourceVersionDate "2014.11.20"]
[SourceQuality "1"]

1. Nf3 Nf6 2. g3 g6 3. Bg2 Bg7 4. 0-0 0-0 5. c4 c5 6. Nc3 Nc6 7. d4 cxd4 8. Nxd4 a6 9. Nxc6 dxc6 10. Qc2 Qc7 11. b3 Bf5 12. e4 Nxe4 13. Bxe4 Bxe4 14. Qxe4 Bxc3 15. Bh6 Bxa1 16. Bxf8 Rxf8 17. Rxa1 Rd8 18. c5 Rd5 19. b4 Qd8 20. Rb1 e6 21. h4 Rd2 22. a4 Qd4 23. Qf3 Qd3 24. Qxd3 Rxd3 25. Rb2 e5 26. Re2 f6 27. Re4 Kf7 28. Kg2 Ke6 29. b5 Rd4 30. Re3 Rxa4 31. bxc6 bxc6 32. Rd3 Rd4 33. Ra3 Rd7 34. Rxa6 Kd5 35. Ra5 Kc4 36. Kf3 Kb4 37. Ra8 Kxc5 38. Ke3 f5 39. Ra5+ Kd6 40. Kd3 Re7 41. Ke3 c5 42. Kd3 Kd5 43. Ra4 e4+ 44. Ke3 Rc7 45. Kd2 h6 46. Ra6 Rc6 47. Ra4 Rb6 48. Kc3 Re6 49. Kd2 g5 50. hxg5 hxg5 51. Ke3 Rf6 52. Ra8 f4+ 53. gxf4 gxf4+ 54. Kd2 Re6 55. Rd8+ Kc4 56. Rf8 e3+ 57. fxe3 fxe3+ 58. Ke2 Kc3 59. Rf1 c4 60. Rc1+ Kb3 61. Rb1+ Kc2 62. Rb4 c3 63. Rb8 Kc1 64. Rb3 c2 65. Rb5 Rd6 66. Rb8 Rd2+ 67. Ke1 Rd3 68. Ke2 Ra3 69. Rb7 Ra2 70. Rh7 Kb1 0-1

[Event "Malta op"]
[Site "Bugibba"]
[Date "2012.11.18"]
[Round "1"]
[White "Ahlander, Bjorn"]
[Black "Fahys, Bertrand"]
[Result "1-0"]
[WhiteElo "2422"]
[BlackElo "1958"]
[PlyCount "109"]
[EventDate "2012.11.18"]
[EventType "swiss"]
[EventRounds "9"]
[EventCountry "MLT"]
[SourceTitle "CBM 151 Extra"]
[Source "ChessBase"]
[SourceDate "2012.12.18"]
[SourceVersion "1"]
[SourceVersionDate "2012.12.18"]
[SourceQuality "1"]

1. d4 d5 2. c4 e6 3. Nc3 Nf6 4. Bg5 Be7 5. e3 Nbd7 6. Nf3 0-0 7. Rc1 c6 8. a3 b6 9. Bd3 Bb7 10. 0-0 c5 11. Qe2 Rc8 12. Rfd1 cxd4 13. exd4 dxc4 14. Bxc4 h6 15. Be3 Qc7 16. Ba2 Qb8 17. h3 Qa8 18. d5 Nxd5 19. Nxd5 Bxd5 20. Bxd5 exd5 21. Bxh6 Bf6 22. Be3 Nc5 23. Bd4 Ne4 24. Bxf6 Nxf6 25. Nd4 Rxc1 26. Rxc1 Rc8 27. Rd1 Qb7 28. Nf5 Re8 29. Qd2 Re6 30. Qg5 Ne8 31. Rxd5 Qc7 32. Qd2 Qc4 33. Rd8 Qc7 34. g3 Re1+ 35. Qxe1 Qxd8 36. Kh2 Nf6 37. Qe3 g6 38. Ne7+ Kf8 39. Nc6 Qd7 40. Qc3 Qf5 41. Qb4+ Kg7 42. Qd4 Kh7 43. Ne5 Ne4 44. Ng4 Ng5 45. Qe3 Nf3+ 46. Kg2 Ng5 47. f3 Qc2+ 48. Qf2 Qxf2+ 49. Nxf2 Ne6 50. Ne4 a5 51. Nd6 a4 52. Nxf7 Nc5 53. Ne5 Kg7 54. f4 Kf6 55. h4 1-0

[Event "FRA-ch op-C"]
[Site "Aix les Bains"]
[Date "2007.08.17"]
[Round "4"]
[White "Bienaime, Pierre"]
[Black "Fahys, Bertrand"]
[Result "1-0"]
[WhiteElo "1678"]
[BlackElo "1740"]
[PlyCount "102"]
[EventDate "2007.08.13"]
[EventType "swiss"]
[EventRounds "11"]
[EventCountry "FRA"]
[SourceTitle "CBM 120 Extra"]
[Source "ChessBase"]
[SourceDate "2007.11.01"]
[SourceVersion "1"]
[SourceVersionDate "2007.11.01"]
[SourceQuality "1"]

1. d4 d5 2. c4 c6 3. Qc2 Nf6 4. Nf3 g6 5. Bf4 dxc4 6. Qxc4 b5 7. Qc1 Bg7 8. Bxb8 Rxb8 9. Qxc6+ Nd7 10. e3 Bb7 11. Qc2 Bxf3 12. gxf3 0-0 13. Nc3 Qa5 14. Qd2 b4 15. Ne4 Rfd8 16. f4 e5 17. fxe5 Nxe5 18. Be2 Qd5 19. Ng3 Nf3+ 20. Bxf3 Qxf3 21. Qe2 Qd5 22. 0-0 h5 23. f3 Re8 24. Rfd1 b3 25. a3 Rbc8 26. Ne4 Rc2 27. Rd2 Rec8 28. Rad1 h4 29. Rxc2 bxc2 30. Rc1 Qb3 31. Nc5 Qxb2 32. Rxc2 Qa1+ 33. Kg2 Rb8 34. Ra2 Qb1 35. Nd3 Bh6 36. f4 Qb7+ 37. Qf3 h3+ 38. Kg3 Qb1 39. Rd2 Qa1 40. Kxh3 Qc3 41. Qe2 Qxa3 42. Ra2 Qe7 43. Ne5 Qe6+ 44. Kg3 Rb7 45. Ra6 Rb6 46. Rxa7 Rb3 47. Rxf7 Bg7 48. Rc7 Bxe5 49. dxe5 Qb6 50. Qc4+ Kh8 51. Rc8+ Kh7 1-0